000 005860000a22001810004500
003 MACL
005 20160316124900.0
008 160316b xxu||||| |||| 00| 0 eng d
040 _aMACL
_cMACL
041 _aHindi
082 _a920
100 _aलोधी रघुनाथ सिंह मधुप
_946495
245 _aअमर शहीद अवंती बाई लोधी रानी रामगढ
260 _bलोक चेतना प्रकाशन
_c1989
_aजबलपुर
350 _a12
650 _aBiography
_946496
942 _cHIN
_k920
_2ddc
999 _c29769
_d29769